<?xml version="1.0" encoding="UTF-8"?>
<collection xmlns="http://www.loc.gov/MARC21/slim">
 <record>
  <leader>00625nam a2200169 a 4500</leader>
  <controlfield tag="001">1/36950</controlfield>
  <controlfield tag="008">090223s1958    nyua          00110 eng  </controlfield>
  <datafield tag="035" ind1=" " ind2=" ">
   <subfield code="l">39544</subfield>
  </datafield>
  <datafield tag="040" ind1=" " ind2=" ">
   <subfield code="a">DLC</subfield>
   <subfield code="b">GR-PeUP</subfield>
  </datafield>
  <datafield tag="082" ind1="0" ind2="0">
   <subfield code="a">911.3 EKB</subfield>
  </datafield>
  <datafield tag="100" ind1="1" ind2=" ">
   <subfield code="a">Ekblaw, Sidney E.</subfield>
   <subfield code="d">1903-</subfield>
   <subfield code="q">(Sidney Everette).</subfield>
  </datafield>
  <datafield tag="245" ind1="1" ind2="0">
   <subfield code="a">Economic and social geography /</subfield>
   <subfield code="c">[by] Sidney E. Ekblaw [and] Donald J.D. Mulkerne.</subfield>
  </datafield>
  <datafield tag="260" ind1="0" ind2=" ">
   <subfield code="a">New York :</subfield>
   <subfield code="b">Gregg Pub. Division,</subfield>
   <subfield code="c">c1958.</subfield>
  </datafield>
  <datafield tag="300" ind1=" " ind2=" ">
   <subfield code="a">415 σ. :</subfield>
   <subfield code="b">εικ. ;</subfield>
   <subfield code="c">26 εκ.</subfield>
  </datafield>
  <datafield tag="500" ind1=" " ind2=" ">
   <subfield code="a">Περιέχει ευρετήριο.</subfield>
  </datafield>
  <datafield tag="700" ind1="1" ind2=" ">
   <subfield code="a">Mulkerne, Donald J. D.</subfield>
  </datafield>
  <datafield tag="852" ind1=" " ind2=" ">
   <subfield code="a">INST</subfield>
   <subfield code="b">UNIPILB</subfield>
   <subfield code="c">MAIN</subfield>
   <subfield code="e">20090223</subfield>
   <subfield code="h">911.3 EKB</subfield>
   <subfield code="p">00157660</subfield>
   <subfield code="q">00157660</subfield>
   <subfield code="t">LOAN</subfield>
   <subfield code="y">0</subfield>
   <subfield code="4">1</subfield>
  </datafield>
 </record>
</collection>
